Movies Quiz

Random Movies or Actor Quiz

Movie Psychiatrists Quiz Stats

Quiz not verified by Sporcle

Challenge
Share
Tweet
Embed
Score 0/40 Timer 12:00
0 Plays Today
Actor/Actress Movie % Correct
1997 - Robin WilliamsGood Will Hunting
81.6%
1999 - Billy Crystal*Analyze This
75.5%
1999 - Bruce WillisThe Sixth Sense
75.5%
1991 - Anthony Hopkins*The Silence of the Lambs
69.4%
2006 - Vera FarmigaThe Departed
53.1%
2010 - Ben KingsleyShutter Island
51%
1945 - Ingrid BermanSpellbound
49%
1991 - Richard DreyfussWhat About Bob?
42.9%
1995 - Madeleine StoweTwelve Monkeys
42.9%
1991 - Barbra StreisandThe Prince of Tides
38.8%
1980 - Judd HirschOrdinary People
34.7%
2003 - Jamie Lee CurtisFreaky Friday
30.6%
1994 - Marlon BrandoDon Juan DeMarco
28.6%
1995 - Sigourney WeaverCopycat
28.6%
2002 - Denzel WashingtonAntwone Fisher
26.5%
1960 - Simon OaklandPsycho
16.3%
1980 - Micahel CaineDressed to Kill
16.3%
2001 - Michael DouglasDon't Say a Word
16.3%
2001 - Kurt RussellVanilla Sky
16.3%
2001 - Katharine RossDonnie Darko
14.3%
Actor/Actress Movie % Correct
1957 - Lee J. CobbThe Three Faces of Eve
12.2%
1984 - Earl Boen*The Terminator
12.2%
1976 - Joanne WoodwardSybil
10.2%
1959 - Montgomery CliftSuddenly, Last Summer
10.2%
1985 - Jane FondaAgnes of God
10.2%
2000 - Bette MidlerWhat Women Want
10.2%
1981 - Patrick MacneeThe Howling
6.1%
1997 - Lawrence KasdanAs Good As It Gets
6.1%
2002 - Christopher PlummerA Beautiful Mind
6.1%
1976 - Alan ArkinThe Seven-Per-Cent Solution
6.1%
1954 - Whit BissellThe Caine Mutiny
4.1%
1956 - Larry GatesInvasion of the Body Snatchers
4.1%
1971 - Carl DueringA Clockwork Orange
4.1%
1983 - Dudley MooreLovesick
4.1%
1991 - Robin WilliamsDead Again
4.1%
1992 - Richard GereFinal Analysis
4.1%
1993 - John TurturroFearless
4.1%
1965 - Peter SellersWhat's New Pussycat
2%
1992 - Annabella SciorraWhispers in the Dark
2%
1999 - Vanessa RedgraveGirl, Interrupted
2%

You're not logged in!

Compare scores with friends on all Sporcle quizzes.
Sign Up with Email
OR
Log In

You Might Also Like...

Show Comments

Extras

Top Quizzes Today


Score Distribution

Your Account Isn't Verified!

In order to create a playlist on Sporcle, you need to verify the email address you used during registration. Go to your Sporcle Settings to finish the process.

Report this User

Report this user for behavior that violates our Community Guidelines.

Details: